000 00608nam a2200217Ia 4500
005 20241129110133.0
008 241129s9999||||xx |||||||||||||| ||und||
020 _a9789777331135
037 _aTB
040 _aARTS
_beng
_cARTS
041 _aeng
_2ara
084 _aQ7v 28Q6
_qARTS
100 _aBahji Ainas Husni Au.
_9727353
245 0 _aDarasat fi tareekh al-daulat al-islamia tatawwur al-tareekh al-islami
_cBahji Ainas Husni Au.
260 _c2004
300 _a380p.
365 _aINR
_b1150
650 _aIslamHistory
_9727354
942 _cTB
_hQ7v 28Q6
999 _c1227447
_d1227447